000
00338nam a2200157Ia 4500
008
230605s1994 xx 000 0 und d
041
_a
eng
100
_a
Coward
245
_a
Wedding cakea
260
_b
New Holland Pub.
_c
1994
_c
1994
300
_a
80
365
_b
535
_h
20
500
_a
351
520
_a
General
650
_a
F. P.
999
_c
418057
_d
418057